AHL Affiliates Quiz - Statistics

General Stats
  • This quiz has been taken 50 times
  • The average score is 23 of 32
Answer Stats
NHL team AHL team % Correct
Minnesota Wild Iowa Wild
90%
Dallas Stars Texas Stars
90%
Boston Bruins Providence Bruins
87%
Pittsburgh Penguins Wilkes-Barre/Scranton Penguins
82%
Carolina Hurricanes Chicago Wolves
79%
Detroit Red Wings Grand Rapids Griffins
79%
Washington Capitals Hershey Bears
79%
New York Islanders Bridgeport Islanders
77%
Seattle Kraken Coachella Valley Firebirds
77%
Vegas Golden Knights Henderson Silver Knights
77%
Montreal Canadiens Laval Rocket
77%
Chicago Blackhawks Rockford IceHogs
77%
Ottawa Senators Belleville Senators
74%
Florida Panthers Charlotte Checkers
74%
Columbus Blue Jackets Cleveland Monsters
74%
Anaheim Ducks San Diego Gulls
74%
Toronto Maple Leafs Toronto Marlies
74%
Colorado Avalanche Colorado Eagles
72%
Philadelphia Flyers Lehigh Valley Phantoms
72%
Los Angeles Kings Ontario Reign
72%
Buffalo Sabres Rochester Americans
72%
New Jersey Devils Utica Comets
72%
Vancouver Canucks Abbotsford Canucks
69%
New York Rangers Hartford Wolf Pack
69%
Tampa Bay Lightning Syracuse Crunch
69%
San Jose Sharks San Jose Barracuda
67%
Edmonton Oilers Bakersfield Condors
64%
Winnipeg Jets Manitoba Moose
64%
Utah Hockey Club Tucson Roadrunners
64%
Nashville Predators Milwaukee Admirals
62%
Calgary Flames Calgary Wranglers
59%
St. Louis Blues Springfield Thunderbirds
59%
No matching quizzes found
Score Distribution
Percent of People with Each Score
Percentile by Number Answered
Your Score History
You have not taken this quiz